Guess the Taylor Swift song - obscure edition #2 - Statistics

General Stats
  • This quiz has been taken 177 times
  • The average score is 111 of 220
Answer Stats
Answer % Correct
i
99%
I
99%
you
94%
me
91%
the
89%
and
84%
in
82%
my
82%
youre
81%
on
80%
he
79%
is
79%
to
78%
i'm
76%
im
76%
who
76%
that
75%
be
74%
like
73%
not
71%
go
70%
but
68%
so
68%
hi
67%
this
67%
say
65%
was
59%
if
58%
up
54%
how
53%
with
53%
id
51%
him
50%
ive
49%
from
46%
cause
44%
think
44%
about
42%
gonna
42%
talk
41%
got
35%
well
35%
their
34%
monologue
33%
phone
32%
theyre
30%
something
28%
things
28%
real
26%
bad
25%
broke
25%
guy
25%
songs
25%
cheat
24%
into
24%
might
24%
la la
23%
nothing
23%
snl
23%
theres
23%
writing
23%
doing
21%
hey
21%
dresses
20%
glitter
20%
mention
20%
joe
19%
sparkly
19%
bags
18%
la la la
18%
more
18%
taylor
18%
twilight
18%
kanye
17%
okay
17%
bring
16%
douche
16%
dating
15%
ha ha ha
15%
hosting
15%
names
15%
public
15%
stage
15%
werewolf
15%
ashamed
14%
tonight
14%
vma
14%
expecting
13%
la la la la
13%
musical
13%
wondering
13%
comment
11%
la la la la la
11%
ruined
11%
everythings
10%
baking
9%
security
9%
smell
9%
lining
8%
ran
8%
winter
8%
brag
6%
No matching quizzes found
Score Distribution
Percent of People with Each Score
Percentile by Number Answered
Your Score History
You have not taken this quiz